Представление документа в формате RUSMARC

ПолеНазваниеЗначение
  Тип записи a
  Библиографический уровень m
001 Контрольный номер acbeaf6fd5e541bbb57cc2097b333dbb
005 Дата корректировки 20140526192806.2
010 Индекс ISBN __
d Цена 43.00
200 Заглавие и сведения об ответственности __
a Заглавие Международные акты о правах человека
e Сведения, относящиеся к заглавию Сборник документов
f Первые сведения об ответственности Комис.по правам человека при Президенте РФ;Ин-т гос.и права РАН;Сост.и авт.вступ.ст.В.А.Карташкин,Е.А.Лукашева
210 Выходные данные __
c Издательство ИНФРА-М: НОРМА
a Место издания М.
d Дата издания 1998
215 Физическое описание __
a Объем 753
606 Тематические рубрики __
a Основная рубрика Право
610 Ключевые слова __
a Ключевые слова международное право
686 Индексы других классификаций __
a Классификационный индекс 67.91-32
2 Код системы rubbk
801 Источник записи _0
a Страна RU
b Организация РУК
c Дата составления 19990121
g Правила каталогизации PSBO
801 Источник записи _1
a Страна RU
b Организация РУК
c Дата составления 19990121
g Правила каталогизации PSBO
852 Данные о местонахождении __
j Шифр хранения 67.91-32
i Авторский знак М 43
901 Тип документа __
t Тип документа m
938 Служебная информация __
a Название организации Головной вуз
b Имя БД BOOK
c Название АИБС АИБС ИРБИС